Statistics for Top 15 Countries with Covid-19 Deaths - 15 September

Click here to take the quiz!

General Stats

  • This quiz has been taken 14 times
  • The average score is 15 of 20

Answer Stats

country% Correct
United Kingdom
100%
United States
100%
Italy
93%
Mexico
93%
Brazil
86%
Colombia
86%
France
86%
India
86%
Peru
86%
Russia
86%
Spain
86%
Argentina
79%
Chile
79%
Ecuador
71%
Iran
57%
Belgium
50%
Bolivia
50%
South Africa
50%
Sweden
50%
Panama
36%

Score Distribution

Percentile by Number Answered

Percent of People with Each Score

Your Score History

You have not taken this quiz